Meranie výkonnosti procesov v zdravotníckych zariadeniach dizertačná práca

Salvato in:
Dettagli Bibliografici
Autore principale: Rosocha, Ladislav
Ente Autore: Podnikovohospodárska fakulta EU so sídlom v Košiciach. Katedra kvantitatívnych metód
Altri autori: Tkáč, Michal, 1958-
Natura: Libro
Lingua:slovacco
Pubblicazione: Košice 2020
Soggetti:
Tags: Aggiungi Tag
Nessun Tag, puoi essere il primo ad aggiungerne!!

MARC

LEADER 00000nbm a2200000 4500
001 0267991
005 20230302102217.1
041 0 |a slo 
044 |a SK 
245 1 0 |a Meranie výkonnosti procesov v zdravotníckych zariadeniach  |b dizertačná práca  |c Ladislav Rosocha ; školiteľ: Michal Tkáč 
264 1 |a Košice  |c 2020 
300 |a 86 s. 
610 2 0 |a zdravotníctvo 
610 2 0 |a služby zdravotnícke 
610 2 0 |a výkonnosť 
610 2 0 |a algoritmy 
610 2 0 |a optimalizácia 
610 2 0 |a personál 
100 1 |a Rosocha, Ladislav 
700 1 |a Tkáč, Michal, 1958- 
710 2 |a Podnikovohospodárska fakulta EU so sídlom v Košiciach. Katedra kvantitatívnych metód